000 00621cam a22001697a 4500
008 180718b2005 xxu||||| |||| 00| 0 eng d
020 _a0195672143
082 _aF8x54 M228
100 _aMcMillan, Alistair
245 _aStanding at the margins: representation and electoral reservation in India
_cby Alistair McMillan
260 _aNew Delhi
_bOxford Univ. Press
_c2005
300 _a340p.
650 _aIndia --Scheduled tribes --Political activity
650 _aIndia --Politics and government
650 _aDalits --India --Politics and government
650 _aRepresentative government and representation --India
999 _c404356
_d404356